000
00241nam a22001217a 4500
082
_a
821
_b
BAL/S
100
_a
BALAKRISHNAN, B. N
245
_a
THE SILVER LUTE
260
_a
MADRS
_b
MACMILLAN
300
_a
78
650
_a
POETRY
942
_c
BK
999
_c
3877
_d
3877